The seven lost secrets of success : Million dollar ideas of Bruce Barton, America’s forgotten genius

Kaydedildi:
Detaylı Bibliyografya
Yazar:  Vitale, Joe
Materyal Türü: Sách
Dil:Undetermined
Baskı/Yayın Bilgisi:  John Wiley & Sons  2007
Konular:
Etiketler: Etiketle
Etiket eklenmemiş, İlk siz ekleyin!
Thư viện lưu trữ: Trung tâm Thư viện - Trường Đại học Công nghiệp TP. Hồ Chí Minh
LEADER 00534nam a2200157Ia 4500
001 UIH_04401
008 231011s9999 xx 000 0 und d
082 |a  659.1 
100 |a  Vitale, Joe 
245 0 |a  The seven lost secrets of success : Million dollar ideas of Bruce Barton, America’s forgotten genius 
245 0 |c  Vitale, Joe 
260 |b  John Wiley & Sons 
260 |c  2007 
650 |a  Quảng cáo;  
927 |a Sách 
980 |a Trung tâm Thư viện - Trường Đại học Công nghiệp TP. Hồ Chí Minh